Normale Ansicht MARC-Ansicht ISBD

Das Schicksal einer jüdischen Familie (Titelsatznr. 372823)

[ MARC ]
MARC-Details
000 -Satzkennung
Kontrollfeld mit fester Länge 00767nab a2200193 4500
001 - Kontrollnummer
Kontrollfeld 244442
003 - Kontrollnummer Identifier
Kontrollfeld OSt
005 - Datum und Zeit der letzten Transaktion
Kontrollfeld 20231114123839.0
007 - Feld mit fester Länge zur physischen Beschreibung - Allgemeine Information
Kontrollfeld mit fester Länge tu
008 - Feld mit fester Länge zur physischen Beschreibung - Allgemeine Angaben
Kontrollfeld mit fester Länge 200917s2020|||||||
040 ## - Katalogisierungsquelle
Original-Katalogisierungsstelle DE-2950
Übertragungsstelle DE-2950
245 00 - Titel
Titel Das Schicksal einer jüdischen Familie
Zusatz zum Titel Stadtgeschichte. Die jüdische Familie Beer/Meyerbeer hinterließ bereits ab dem 18. Jahrhundert auf vielfältige Weise ihre Spuren in Frankfurt (Oder). Dann wurde der Familie das Geschäft geschlossen. Ihre Geschichte bis zur Reichsprogromnacht 1938/
Verfasserangabe etc. Ralf-Rüdiger Targiel
264 ## - Produktion, Veröffentlichung, Distribution, Herstellung und Urheberrechtsvermerk
Datum der Herstellung, der Veröffentlichung, des Vertriebs oder des Urheberschutzvermerks 2023
653 ## - Indexierungsterm - Nicht normiert
Nicht-normierter Term Frankfurt (Oder)
653 ## - Indexierungsterm - Nicht normiert
Nicht-normierter Term jüdische Familie
653 ## - Indexierungsterm - Nicht normiert
Nicht-normierter Term Beer/Meyerbeer
773 0# - Übergeordnete Einheit
Verknüpfungsangaben 34. Jahrgang (2023) Nr. 261 vom 09.11.2023, S. 16: Foto
Titel Märkische Oderzeitung
942 ## - Zusätzliche Felder (Koha)
Klassifikation oder Aufstellungssystematik Andere/Generische Klassifikation
Koha-Medientyp Aufsätze
Exemplare
Ausgeschieden Verloren Klassifikation oder Aufstellungssystematik Beschädigt Nicht entleihbar Heimatbibliothek Aufenthaltsbibliothek Aufstellungsort Erwerbungsdatum Anzahl Ausleihen Signatur Letzte Aktivität Preis gültig von Koha-Medientyp
    Andere/Generische Klassifikation     Stadtarchiv Frankfurt (Oder) | Archivbibliothek Stadtarchiv Frankfurt (Oder) | Archivbibliothek Magazin 14/11/2023   Z2 14/11/2023 14/11/2023 Aufsätze